| 000 | 00742nam a2200241Ia 4500 | ||
|---|---|---|---|
| 008 | 100315s9999 xx 000 0 und d | ||
| 020 | _a817274109X | ||
| 040 | _cENGLISH | ||
| 082 |
_b7584 _a332.73 |
||
| 100 | _aNabhi | ||
| 245 | _aHow to do Lease Financing & Hire Purchase Business 1995 | ||
| 260 |
_aNEW DELHI _bNabhi _c1995 |
||
| 300 | _a599 | ||
| 365 |
_eRupees _d1 _b250.00 |
||
| 366 | _f0 | ||
| 505 | _gRamakant Amar Navghare | ||
| 530 | _bDonated By RBI Library | ||
| 620 | _a"Finance, Hire purchase. " | ||
| 630 | _aHow to do Lease Financing & Hire Purchase Business 1995 | ||
| 650 | _aECONOMICS | ||
| 730 | _aHow to do Lease Financing & Hire Purchase Business 1995 | ||
| 942 | _cBOOK | ||
| 999 |
_c482319 _d482316 |
||